• 首页
  • 本馆介绍
  • 公告通知
  • 最新文献
  • 馆藏检索
  • 电子资源
  • 读者导购
  • 参考咨询
  • 我的图书馆
  • 登录
  • 详细信息显示
  • 放入我的书架
  • 预约/预借图书
  • 作者相关作品
  • 分类相关作品
  • 丛书相关作品
  • 出版社相关作品

书目信息

  • 表格格式
  • 工作单格式
  • 卡片格式
题名:
韩国四总统合传
    
 
作者: 何牧 著
分册:  
出版信息: 北京   中国社会科学出版社  2005
页数: 347页
开本: 25cm
丛书名:
单 册:
中图分类: K833.126.7
科图分类:
主题词: 总统--列传--韩国--现代 , 李承晚(1875~1965)--生平事迹 , 金泳 三--生平事迹 , 金大中--生平事迹 , 朴正熙(1917~1979)--生平事迹
电子资源:
ISBN: 7-80106-415-1
000 01231nam0 2200349 450
000 01194nam0 2200337 450
000 01192nam0 2200349 450
000 01138nam0 2200325 450
000 01156nam0 2200313 450
000 01119nam0 2200301 45
001 TS2006027434
005 20070106111421.29
010    @a7-80106-415-1@dCNY38.00
100    @a20060829d2005 em y0chiy0110 ea
101 0  @achi
102    @aCN@b110000
105    @aa z 000yd
200 1  @a韩国四总统合传@AHan Guo Si Zong Tong He Chuan@f何牧著@FHe Mu Zhu
210    @a北京@c中国社会科学出版社@c线装书局@d2005
215    @a347页@c照片@d25cm
330    @a本书分三篇,介绍了神像背后的忍者——首任总统李承晚、标准的大独裁者——军人总统朴正熙、民主斗争的双雄—金永三与金大中四位韩国总统的生平事迹。
606 0  @a总统@x列传@y韩国@z现代
606    @a李承晚(1875~1965)@y生平事迹
606    @a金泳 三@y生平事迹
606    @a金大中@y生平事迹
606    @a朴正熙(1917~1979)@y生平事迹
690    @aK833.126.7@v4
701  0 @a何牧@AHe Mu@c(文史)@4著
801  0 @aCN@b中图数据@c20070106
905    @a10447@dK833.126.7@e579
    
    韩国四总统合传/何牧著.-北京:中国社会科学出版社:线装书局,2005
    347页:照片;25cm
    
    
    ISBN 7-80106-415-1:CNY38.00
    本书分三篇,介绍了神像背后的忍者——首任总统李承晚、标准的大独裁者——军人总统朴正熙、民主斗争的双雄—金永三与金大中四位韩国总统的生平事迹。
●
相关链接 在E读中查询图书 在五车中查询图书 在当当中查询图书 在豆瓣中查询图书


正题名:韩国四总统合传     索取号:K833.126.7/579         预约/预借

序号 登录号 条形码 馆藏地/架位号 状态 备注
1 0611942   206119421   第二样本阅览室/ [索取号:K833.126.7/579] 在馆    
2 0611943   206119430   第二借阅区/ [索取号:K833.126.7/579] 在馆    
3 0611944   206119449   第二借阅区/ [索取号:K833.126.7/579] 在馆    
4 0611945   206119458   第二借阅区/ [索取号:K833.126.7/579] 在馆    
唐山师范学院图书馆 欢迎您!
大连网信软件有限公司© 版权所有